000 00283nam a22001217a 4500
008 171012b xxu||||| |||| 00| 0 eng d
041 _aeng
080 _a316
100 _a50
101 _aSOC
245 _aCULTURES AND SOCIETIES IN A CHANGING WORLD
_cGRISWOLD, W
942 _2udc
_cBK
999 _c33240
_d33240